000 005930000a22001930004500
090 _aAR
_b01109
245 1 0 _aMortality of captive whooping cranes caused by eastern equine encephalitis virus
650 1 4 _aFauna en cautiverio
_994335
650 1 4 _aEnfermedades animales
_993297
650 1 4 _aCigueñas
_912262
650 1 4 _aVeterinaria
_993538
041 0 _aInglés
700 1 _aCarpenter, James
_994342
700 1 _aClark, Gary G.
_994343
700 1 _aDocherty, Douglas E.
_994344
100 1 _aDein, Joshua
_994345
942 _cARTICULO
773 1 _tJavma
_3235
_h9
_q1006-1010
_d1986
_g189
999 _c10195
_d10195